Gaming Quiz

Random Gaming or Pokémon Quiz

Pokemon by Species (Gen I - Gen V) 3 Quiz Stats

 Plays Quiz not verified by Sporcle

Score 0/50 Timer 10:00
0 Plays Today
Species Pokemon % Correct
Mouse PokemonRattata, Raticate, Pikachu, Raichu, Sandshrew, Sandslash
85.6%
Scratch Cat PokemonMeowth
82.9%
Goldfish PokemonGoldeen, Seaking
81.8%
Aqua Mouse PokemonMarill
80.1%
Armor Bird PokemonSkarmory
80.1%
Psi PokemonAbra, Kadabra, Alakazam
77.9%
Balloon PokemonJigglypuff, Wigglytuff, Igglybuff, Qwilfish, Drifloon
75.1%
Coral PokemonCorsola
74.6%
Gas PokemonGastly, Haunter
72.9%
Lizard PokemonCharmander
66.9%
Lonely PokemonCubone
65.7%
Candle PokemonLitwick
65.7%
Compass PokemonNosepass, Probopass
65.2%
Dopey PokemonSlowpoke
64.1%
Sun PokemonSunflora, Espeon, Volcarona
63.5%
DNA PokemonDeoxys
63.5%
Garbage Bag PokemonTrubbish
63.5%
Sea Slug PokemonShellos, Gastrodon
63%
Swallow PokemonSwellow
62.4%
Sky Squirrel PokemonEmolga
62.4%
Firefly PokemonVolbeat, Illumise
59.1%
Hairy Bug PokemonWeedle
58.6%
Karate PokemonSawk
58.6%
Mega Centipede PokemonScolipede
58.6%
Fruit PokemonTropius
55.2%
Species Pokemon % Correct
Spatial PokemonPalkia
53.6%
Hibernator PokemonUrsaring
53%
Volcano PokemonQuilava, Typhlosion, Entei
52.5%
Discharge PokemonManectric
51.4%
Bell PokemonChingling
49.2%
Light PokemonLanturn, Ampharos
45.9%
Mold PokemonShuckle
45.3%
Lunar PokemonCresselia
45.3%
Neon PokemonLumineon
42.5%
Plasma PokemonRotom
38.1%
Bug Catcher PokemonCarnivine
37%
Diaper PokemonVullaby
35.9%
Cat Ferret PokemonZangoose
35.4%
Crystal PokemonCryogonal
34.8%
Brutal PokemonSharpedo, Hydreigon
33.7%
Jubilee PokemonTogekiss
32%
Ogre Darner PokemonYanmega
32%
Mineral PokemonBoldore
31.5%
Armor PokemonDonphan, Tyranitar
31.5%
Hard Shell PokemonPupitar
24.3%
Plate PokemonArmaldo
23.8%
Predator PokemonStaraptor
22.7%
Trainee PokemonNincada
22.1%
Spray PokemonPanpour
16%
Training PokemonDewott
12.7%

You're not logged in!

Compare scores with friends on all Sporcle quizzes.
OR
Log In

Show Comments

Extras

Top Quizzes Today


Score Distribution

Your Account Isn't Verified!

In order to create a playlist on Sporcle, you need to verify the email address you used during registration. Go to your Sporcle Settings to finish the process.

Report this User

Report this user for behavior that violates our Community Guidelines.

Details: